|
|
|
|
| LEADER |
00925nam a2200265 4500 |
| 001 |
37039 |
| 003 |
BD-DhAAL |
| 005 |
20211129113125.0 |
| 008 |
170220t2019 ii ad||| |||| 001 0 eng d |
| 999 |
|
|
|c 41504
|d 41504
|
| 020 |
|
|
|a 978-9353501617
|
| 020 |
|
|
|a 935350161X
|
| 082 |
|
|
|a 332
|2 22
|
| 100 |
|
|
|a Mishra, Pradeep Kumar
|9 39318
|
| 245 |
|
|
|a Microfinance Management /
|c Pradeep Kumar Mishra
|
| 260 |
|
|
|a India :
|b Cengage,
|c c2019
|
| 300 |
|
|
|a x, 210 pages :
|b illustrations ;
|c 24 cm.
|
| 526 |
|
|
|a BBS
|
| 541 |
|
|
|a Hye Trade International
|e 37039
|
| 650 |
|
|
|a Microfinance.
|9 39319
|
| 650 |
|
|
|a Microfinance
|z India.
|9 39320
|
| 650 |
|
|
|a Business & finance.
|9 43376
|
| 852 |
|
|
|a Ayesha Abed Library
|c General Stacks
|
| 942 |
|
|
|2 ddc
|c BK
|
| 952 |
|
|
|0 0
|1 0
|2 ddc
|4 0
|6 332_000000000000000_MIS
|7 0
|9 67890
|a BRACUL
|b BRACUL
|c GEN
|d 2020-02-09
|e Hye Trade International
|g 377.00
|l 0
|o 332 MIS
|p 3010037039
|r 2020-02-09
|t 1
|v 377.00
|w 2020-02-09
|y BK
|